| 000 | 01316cam a2200253 4500 | ||
|---|---|---|---|
| 001 | 6060 | ||
| 010 | _a9727590136 | ||
| 021 | _b92648/95 | ||
| 090 | _a6060 | ||
| 100 | _a20211231d1996 m||y0pory5003 ba | ||
| 200 | 1 |
_aGuia de campo das aves de Portugal e da Europa _fJonh Gooders _gil. Alan Harris, trad. Álvaro Augusto Fernandes |
|
| 210 |
_aLisboa _cTemas e Debates _d1996 |
||
| 215 |
_a480 p. _cil. |
||
| 304 | _aTit. orig.: Field guide to the birds of Britain and Europe | ||
| 330 | _aO presente guia é uma das raras obras verdadeiramente dirigidas ao espaço europeu apesar de existirem vários outros «Guias das Aves da Europa». Nele encontramos realmente informação relativa à unidade europeia como seja o nível populacional de cada espécie, bem como uma descrição do seu estatuto migratório evidenciando as diferenças entre regiões ou mesmo países. Para além disso, este guia fornece-nos, num espaço necessariamente reduzido, alguns dados úteis sobre a biologia de cada uma das aves descritas. | ||
| 606 |
_93829 _aZoologia |
||
| 675 | _a598.2(4)(076) | ||
| 675 | _a598.2(469)(076) | ||
| 700 |
_aGooders _bJohn _f1937-2010 _95765 |
||
| 702 |
_aHarris _bAlan _95766 _f1957- |
||
| 702 |
_aFernandes _bÁlvaro Augusto _91465 |
||
| 801 |
_aPT _bBMVN _gRPC |
||
| 830 |
_cInês Silva _d31/12/2021 |
||
| 990 | _cLIVROS | ||